000 01028pam a2200325 a 4500
999 _c3900
_d3900
001 42574
003 GBCCL
005 20241126110506.0
008 930615s1993 caub b 001 0 eng
010 _a 93005420
020 _a0830715983 (hard)
020 _a0830716580
020 _a9780830716586
035 _a(OCoLC)28375599
040 _aDLC
_cDLC
_dLBB
049 _aLBBK
_aLBBA
050 0 0 _aBV287
_b.W34 1993
082 0 0 _a248.32
_220
_bWAG
092 0 _a248.32
_bW132, 1993
_220
100 1 _aWagner, C. Peter.
_92967
245 1 0 _aChurches that pray :
_bhow prayer can help revitalize your church and break down the walls between you and your community /
_cC. Peter Wagner.
260 _aVentura, Calif. :
_bRegal Books,
_cc1993.
300 _a233 p. :
_bmap ;
_c23 cm.
440 4 _aThe Prayer warrior series
_97668
504 _aIncludes bibliographical references and index.
650 0 _aPrayer groups.
_97669
650 0 _aChurch renewal.
_9963
650 0 _aMission of the church.
_950
942 _2ddc
_cBK